Loading...
| Fine Arts - Classical Music | 0 | 9 | 1 | 1 | 85 | 110 | 125.11 | 0 | 0 | 5.47 | 19.86 |
| History - European | 0 | 9 | 4 | 1 | 70 | 92 | 120.78 | 0 | 0 | 4.60 | 18.99 |
| Fine Arts - Other | 0 | 8 | 2 | 0 | 70 | 24 | 108.63 | 1 | 1 | 11.16 | 31.60 |
| History - Other | 0 | 7 | 1 | 2 | 65 | 105 | 125.71 | 0 | 0 | 2.30 | 15.47 |
| Literature - European | 0 | 7 | 2 | 1 | 60 | 96 | 131.57 | 0 | 1 | 5.15 | 19.73 |
| Social Science | 0 | 7 | 3 | 0 | 55 | 77 | 104.57 | 0 | 3 | 8.30 | 29.90 |
| History - American | 0 | 6 | 1 | 2 | 55 | 89 | 113.33 | 0 | 0 | 5.81 | 16.70 |
| Philosophy | 0 | 6 | 1 | 1 | 55 | 110 | 128.83 | 0 | 0 | 1.93 | 9.98 |
| Literature - World | 0 | 5 | 0 | 1 | 50 | 125 | 133.20 | 0 | 0 | 1.69 | 11.24 |
| History - World | 0 | 6 | 3 | 0 | 45 | 113 | 123.00 | 0 | 0 | 2.86 | 16.55 |
| Literature - British | 0 | 6 | 3 | 2 | 45 | 86 | 127.00 | 0 | 0 | 5.35 | 15.57 |
| Current Events | 0 | 4 | 0 | 2 | 40 | 92 | 118.50 | 0 | 0 | 4.64 | 18.49 |
| Religion | 0 | 5 | 2 | 1 | 40 | 102 | 113.80 | 0 | 0 | 4.21 | 13.10 |
| Other Academic | 0 | 3 | 0 | 1 | 30 | 94 | 112.33 | 0 | 0 | 7.65 | 18.01 |
| Geography | 0 | 3 | 1 | 1 | 25 | 39 | 97.00 | 1 | 1 | 10.33 | 21.96 |
| Science - Chemistry | 0 | 3 | 1 | 1 | 25 | 130 | 132.33 | 0 | 0 | 0.09 | 5.15 |
| Mythology | 0 | 3 | 2 | 0 | 20 | 99 | 104.67 | 0 | 2 | 6.67 | 23.50 |
| Science - Other | 0 | 2 | 0 | 0 | 20 | 101 | 105.00 | 0 | 0 | 1.92 | 6.62 |
| Fine Arts - Painting & Sculpture | 0 | 3 | 2 | 1 | 20 | 121 | 133.67 | 0 | 0 | 0.80 | 8.93 |
| Literature - American | 0 | 3 | 3 | 0 | 15 | 90 | 118.67 | 0 | 0 | 4.18 | 7.40 |
| Science - Physics | 0 | 1 | 0 | 0 | 10 | 127 | 127.00 | 0 | 0 | 0.35 | 2.21 |
| Science - Biology | 0 | 2 | 4 | 1 | 0 | 104 | 128.00 | 0 | 0 | 1.07 | 6.63 |